000 00599cam a2200205 4500
001 D15225
008 090401t1967 xxu||||| |||| 00| 0 eng d
035 _a(Sirsi) u21248
041 _aeng
050 _a711.14
090 _aRICS 1967/35ABD
110 _aRoyal Institution of Chartered Surveyors
_94900
245 _aCompensation for compulsory acquisition of agricultural land and of rights in or over such land; with an appendix on Capital Gains Tax
260 _bCAEAI
_c1967
300 _a46p
350 _a0
520 _aFiled in box 1967/35 ABD
942 _n0
948 _c04/03/1997
999 _c87944
_d87944